000 00299nam a22001457a 4500
008 221014b ||||| |||| 00| 0 eng d
020 _a0600348539
041 _aeng
080 _a7
082 _a7 DUE
100 _a21.2
101 _aART
245 _aAFRICAN ART
_cDUERDEN D
942 _2udc
_cBK
999 _c58568
_d58568